Представление документа в формате RUSMARC

ПолеНазваниеЗначение
  Тип записи a
  Библиографический уровень m
001 Контрольный номер RU/SLIB/B/208744810
005 Дата корректировки 20241115092824.8
010 Индекс ISBN __
d Цена 0-30
101 Язык документа 0_
a Язык текста rus
200 Заглавие и сведения об ответственности 0_
a Заглавие Необычайные свойства обычных металлов
f Первые сведения об ответственности Займовский В. А., Колупаева Т. Л.
b Общее обозначение материала Текст
210 Выходные данные 1_
a Место издания М.
c Издательство Наука
d Дата издания 1984
215 Физическое описание __
a Объем 191 с.
c Иллюстрации/тип воспроизводства рис.
225 Серия 2_
a Серия Библиотечка "Квант"
v Обозначение тома вып. 32
606 Тематические рубрики __
a Основная рубрика Технология металлов
606 Тематические рубрики __
a Основная рубрика Металловедение цветных металлов и сплавов
610 Ключевые слова 0_
a Ключевые слова металлы; свойства металлов
686 Индексы других классификаций __
a Классификационный индекс 34.25; ст34.2
700 Автор _1
a Фамилия Займовский
b Имя В. А.
4 Код отношения 070
702 Вторичная интеллектуальная ответственность _1
a Фамилия Колупаева
b Имя Т. Л.
4 Код отношения Автор
801 Источник записи _0
a Страна RU
b Организация Муниципальное бюджетное учреждение культуры "Централизованная библиотечная система" г. Сургут (Центральная городская библиотека им. А. С. Пушкина)
g Правила каталогизации КиК/Уланова
801 Источник записи _1
a Страна RU
b Организация Муниципальное бюджетное учреждение культуры "Централизованная библиотечная система" г. Сургут (Центральная городская библиотека им. А. С. Пушкина)
g Правила каталогизации КиК/Уланова
852 Данные о местонахождении __
j Шифр хранения 34.25
c Каталожный индекс 34.25
i Авторский знак З-17
p Инвентарный номер 19941
901 Тип документа __
t Тип документа m
990 Данные о заказе (DOS) __
j Количество экземпляров (DOS) 2
t N записи в КСУ для И/У (DOS) 199101